000 01149nab a22002417a 4500
999 _c5435
_d5435
003 OSt
005 20250909101410.0
008 190604e xxu||||| |||| 00| 0 spa d
040 _cPJ
100 _96115
_aPravato, Luis Emilio
245 1 3 _aBreves reflexiones sobre el voto a partir de la aprobación de la boleta única /
_cPravato, Luis Emilio
260 _aCiudad Autónoma de Buenos Aires :
_bThomson Reuters La Ley,
_c2025.
300 _ap. 23-31
500 _aCita Online: TR LALEY AR/DOC/135/2025.
505 _aSumario: I. Introducción.— II. La dialéctica entre el voto y la representación política.— III. Ejercicio del voto. Un recorrido por la historia electoral argentina.— IV. A modo de conclusión.
505 _t¿Te interesa el texto completo? Solicitalo al correo: koha@justierradelfuego.gov.ar
650 0 _91283
_aSUFRAGIO
650 0 _9904
_aDERECHO ELECTORAL
650 0 _91285
_aELECCIONES
650 0 _96447
_aBOLETA ÚNICA PAPEL
773 0 _02714
_93171
_dCiudad Autónoma de Buenos Aires : Thomson Reuters La Ley, 2014-
_tRevista anales de legislación argentina. Nº 4 - Abril 2025.
942 _2udc
_cANA